000 00680nam a22001697a 4500
999 _c63152
_d63152
003 Ge_BSU
005 20250612114647.0
008 250612s2024 ge ||||| |||| 00| 0 geo d
041 _ageo
080 _a37 ბ-29
100 _aბასილაძე, ნოდარ
_925393
245 _aთვითაღზრდა და მისი შესაძლებლობანი /
_cნოდარ ბასილაძე; რედ, ნ. ბარამიძე.
264 _aბათუმი,
_c2024.
300 _a128 გვ.;
_b20 სმ.
700 _aბარამიძე, ნოდარ
_eრედაქტორი
_925394
942 _2udc
_cᲬᲘᲒᲜᲘ